Statistics for Children of Nyx

Click here to take the quiz!

General Stats

  • This quiz has been taken 13 times
  • The average score is 17 of 28

Answer Stats

HintAnswer% Correct
Persinification of Light and the Upper AirAether
88%
Ferryman of the UnderworldCharon
88%
Personification of Strife and DiscordEris
88%
Personification of DayHemera
88%
Personification of Death, twin to SleepThanatos
88%
One of the Fates, beginnig the thread of lifeClotho
75%
Personification of Sleep, twin to DeathHypnos
75%
Personification of RetributionNemesis
75%
River Goddess of the Underworld, Personification of Sacred OathsStyx
75%
Personification of DeceitApate
63%
One of the Fates, ending the thread of lifeAtropos
63%
Personification of Mischief and TrickeryDolos
63%
One of the Fates, continuing the thread of lifeLachesis
63%
Personification of DoomMoros
63%
Personification of Misery, Anxiety, Grief, Depression, and MisfortuneOizys
63%
Personification of Affection and FriendshipPhilotes
63%
Personification of HopeElpis
50%
Personification of Old AgeGeras
50%
The Nymphs of the West with garden of golden apple treesHesperides
50%
Spirits of Violent DeathsKeres
50%
Personification of Madness and FrenzyLyssa
50%
Personification of Curses and SwearsArae
38%
Personification of Mockery and DerisionMomus
38%
Male Personification of Safety and PreservationSoter
38%
Female Personification of Safety and PreservationSoteria
38%
Personification of Impiety and UngodlinessDyssebeia
25%
Personification of Pity, Mercy and CompationEleos
25%
Personification of Judicial PunishmentPraxidice
25%

Score Distribution

Percentile by Number Answered

Percent of People with Each Score

Your Score History

You have not taken this quiz